|
|
|
|
| LEADER |
01575nam a2200397 a 4500 |
| 001 |
EBC1221452 |
| 003 |
MiAaPQ |
| 005 |
20200520144314.0 |
| 006 |
m o d | |
| 007 |
cr cn||||||||| |
| 008 |
120816s2013 nyuad sb 001 0deng d |
| 010 |
|
|
|z 2012033045
|
| 020 |
|
|
|z 9780415814614
|
| 020 |
|
|
|a 9780203067024 (electronic bk.)
|
| 035 |
|
|
|a (MiAaPQ)EBC1221452
|
| 035 |
|
|
|a (Au-PeEL)EBL1221452
|
| 035 |
|
|
|a (CaPaEBR)ebr10723430
|
| 035 |
|
|
|a (CaONFJC)MIL499764
|
| 035 |
|
|
|a (OCoLC)880901494
|
| 040 |
|
|
|a MiAaPQ
|c MiAaPQ
|d MiAaPQ
|
| 050 |
|
4 |
|a HG173
|b .B766 2013
|
| 082 |
0 |
4 |
|a 657
|2 23
|
| 100 |
1 |
|
|a Brown, Philip
|q (Philip Ronald),
|d 1940-
|
| 245 |
1 |
0 |
|a Financial accounting and equity markets
|h [electronic resource] :
|b the selected essays of Philip Brown /
|c Philip Brown.
|
| 260 |
|
|
|a New York :
|b Routledge,
|c 2013.
|
| 300 |
|
|
|a xviii, 424 p. :
|b ill.
|
| 490 |
0 |
|
|a Routledge historical perspectives in accounting ;
|v 4
|
| 504 |
|
|
|a Includes bibliographical references and index.
|
| 505 |
0 |
|
|a pt. I. Returns and earnings -- pt. II. Miscellaneous issues -- pt. III. Standard-setting and regulation -- pt. IV. In theory.
|
| 533 |
|
|
|a Electronic reproduction. Ann Arbor, MI : ProQuest, 2015. Available via World Wide Web. Access may be limited to ProQuest affiliated libraries.
|
| 600 |
1 |
0 |
|a Brown, Philip
|q (Philip Ronald),
|d 1940-
|
| 650 |
|
0 |
|a Finance.
|
| 650 |
|
0 |
|a Accounting.
|
| 655 |
|
4 |
|a Electronic books.
|
| 710 |
2 |
|
|a ProQuest (Firm)
|
| 856 |
4 |
0 |
|u https://ebookcentral.proquest.com/lib/matrademy/detail.action?docID=1221452
|z Click to View
|